LEADER 03352nam 2200649 450 001 9910830329203321 005 20240219135544.0 010 $a1-280-36799-7 010 $a9786610367993 010 $a0-470-24874-2 010 $a0-471-64468-4 010 $a0-471-64465-X 024 7 $a10.1002/047164465X 035 $a(CKB)1000000000019047 035 $a(EBL)214364 035 $a(SSID)ssj0000257416 035 $a(PQKBManifestationID)11203706 035 $a(PQKBTitleCode)TC0000257416 035 $a(PQKBWorkID)10253758 035 $a(PQKB)10609715 035 $a(MiAaPQ)EBC214364 035 $a(CaBNVSL)mat05237008 035 $a(IDAMS)0b000064810951e1 035 $a(IEEE)5237008 035 $a(PPN)258074574 035 $a(EXLCZ)991000000000019047 100 $a20151221d2004 uy 101 0 $aeng 135 $aurcn||||||||| 181 $ctxt 182 $cc 183 $acr 200 10$aTesting for EMC compliance $eapproaches and techniques /$fMark I. Montrose, Edward M. Nakauchi 210 1$aHoboken, New Jersey :$cJohn Wiley,$d2004. 210 2$a[Piscataqay, New Jersey] :$cIEEE Xplore,$d[2004] 215 $a1 online resource (480 p.) 300 $aDescription based upon print version of record. 311 $a0-471-43308-X 320 $aIncludes bibliographical references (p. 447-451) and index. 327 $a1. Introduction. -- 2. Electric, Magnetic, and Static Fields. -- 3. Instrumentation. -- 4. Test Facilities. -- 5. Probes, Antennas, and Support Equipment. -- 6. Conducted Testing. -- 7. Radiated Testing. -- 8. General Approaches Troubleshooting. -- 9. On-Site Troubleshooting Techniques. -- Appendix A: Building Probes. -- Appendix B: Test Procedures. -- Glossary. -- Bibliography. -- Index. -- About the Authors. 330 $aThe Keep It Simple (KISS) philosophy is the primary focus of this book. It is written in very simple language with minimal math, as a compilation of helpful EMI troubleshooting hints. Its light-hearted tone is at odds with the extreme seriousness of most engineering reference works that become boring after a few pages. This text tells engineers what to do and how to do it. Only a basic knowledge of math, electronics, and a basic understanding of EMI/EMC are necessary to understand the concepts and circuits described. Once EMC troubleshooting is demystified, readers learn there are quick and simple techniques to solve complicated problems a key aspect of this book. Simple and inexpensive methods to resolve EMI issues are discussed to help generate unique ideas and methods for developing additional diagnostic tools and measurement procedures. An appendix on how to build probes is included. It can be a fun activity, even humorous at times with bizarre techniques (i.e., the sticky finger probe). 606 $aElectromagnetic compatibility 606 $aElectromagnetic interference 615 0$aElectromagnetic compatibility. 615 0$aElectromagnetic interference. 676 $a621.382 676 $a621.382/24 676 $a621.38224 700 $aMontrose$b Mark I.$028377 701 $aNakauchi$b Edward M$01615742 801 0$bCaBNVSL 801 1$bCaBNVSL 801 2$bCaBNVSL 906 $aBOOK 912 $a9910830329203321 996 $aTesting for EMC compliance$93946075 997 $aUNINA LEADER 01903nas 2200589- 450 001 9910141969603321 005 20230518213020.0 011 $a2161-4342 035 $a(DE-599)ZDB2070866-X 035 $a(OCoLC)60616162 035 $a(CKB)110975955581282 035 $a(CONSER)--2011202776 035 $a(EXLCZ)99110975955581282 100 $a20050614a19999999 --- a 101 0 $aeng 135 $aurun||||||||| 181 $ctxt$2rdacontent 182 $cc$2rdamedia 183 $acr$2rdacarrier 200 00$aJournalism & communication monographs 210 1$aColumbia, SC :$cAssociation for Education in Journalism and Mass Communication,$d[1999]- 210 31$aThousand Oaks, CA :$cSage Publications in association with the Association for Education in Journalism and Mass Communication 300 $aRefereed/Peer-reviewed 311 0 $a1522-6379 517 3 $aJournalism and communication monographs 517 1 $aJCM 531 $aJOURNALISM & COMMUNICATION MONOGRAPHS 531 $aJOURNAL COMMUN MONOGR 606 $aJournalism$vPeriodicals 606 $aMass media$vPeriodicals 606 $aJournalisme$vPériodiques 606 $aMédias$vPériodiques 606 $aJournalism$2fast$3(OCoLC)fst00984032 606 $aMass media$2fast$3(OCoLC)fst01011219 606 $aJournalistiek$2gtt 606 $aMassacommunicatie$2gtt 608 $aPeriodicals.$2fast 608 $aPeriodicals.$2lcgft 615 0$aJournalism 615 0$aMass media 615 6$aJournalisme 615 6$aMédias 615 7$aJournalism. 615 7$aMass media. 615 17$aJournalistiek. 615 17$aMassacommunicatie. 676 $a070/.5 712 02$aAssociation for Education in Journalism and Mass Communication, 906 $aJOURNAL 912 $a9910141969603321 996 $aJournalism & communication monographs$92278704 997 $aUNINA